000 00334nam a2200157Ia 4500
100 _aHahn harley
250 _a2
942 _cBK
654 _aComputer
245 _aThe Internet Complete Reference
260 _bTata Mc Graw hill
_aNew Delhi
_c1996
082 _a4.6
_bHAH
300 _a802
546 _aENGLISH
999 _c28236
_d28236